| 000 | 01299cam a22003617a 4500 | ||
|---|---|---|---|
| 003 | CHAP | ||
| 005 | 20220329141309.0 | ||
| 008 | 971010s1979 r 00010 d | ||
| 010 | _a65983 | ||
| 011 | _a66955 | ||
| 035 | _a75940 | ||
| 040 | _cCHAP | ||
| 090 | _aTesis | ||
| 100 | 0 | 0 |
_aTrejo Sánchez, Manuel. _9114784 |
| 245 | 0 | _aGeneración de la 2a. aproximación a las recomendaciones agronómicas para frijol, sorgo y maíz en dos agrosistemas del sur de Nayarit, ciclo 1977-78 | |
| 260 |
_aChapingo, Méx. : _bEl autor, _c1979 |
||
| 300 |
_a79 h. _b; láms. ; gráfs. |
||
| 502 | _aTesis (Ing. Agr. Esp. en Fitotecnia) -- UACH. Departamento de Fitotecnia | ||
| 590 |
_aALEPH _b10 _c20130110 _lUCH01 _h1400 |
||
| 590 |
_aBATCH-UPD _b10 _c20130110 _lUCH01 _h2014 |
||
| 590 |
_aBATCH-UPD _b10 _c20130410 _lUCH01 _h1333 |
||
| 590 |
_aBATCH-UPD _b10 _c20130914 _lUCH01 _h1442 |
||
| 590 |
_aCONVERSION _b10 _c20130109 _lUCH01 _h1336 |
||
| 650 | 1 | 4 |
_aAgricultura _xInnovaciones tecnológicas. _91565 |
| 650 | 1 | 4 |
_aFrijol _xNayarit. _943410 |
| 650 | 1 | 4 |
_aMaíz _xNayarit. _971023 |
| 650 | 1 | 4 |
_aSorgo _xNayarit. _9108699 |
| 901 | _aBK | ||
| 942 | _cFOLL | ||
| 949 |
_bBC _cTES _d-152869 _eTS1 _i75940 _si |
||
| 949 |
_bBC _cTES _d-152870 _eTS2 _fc.2 _i75940 _si |
||
| 949 |
_bZA _cTESBD _d-8944 _eTS1 _h259 _i75940 _si |
||
| 999 |
_c65983 _d65983 |
||